Statistics for Highest Grossing Directors

Click here to take the quiz!

General Stats

  • This quiz has been taken 1,188 times
  • The average score is 7 of 20

Answer Stats

GrossAnswer% Correct
3.9bilSteven Spielberg
94%
1.9bilJames Cameron
86%
1.7bilGeorge Lucas
73%
1.8bilMichael Bay
55%
1.5bilChristopher Nolan
53%
1.3bilPeter Jackson
50%
1.2bilRidley Scott
43%
1.0bilTony Scott
38%
1.2bilClint Eastwood
34%
1.9bilRobert Zemeckis
32%
1.8bilRon Howard
26%
1.6bilChris Columbus
25%
1.7bilTim Burton
25%
1.2bilSam Raimi
18%
1.2bilDavid Yates
15%
1.4bilGore Verbinski
13%
1.1bilRoland Emmerich
10%
1.2bilLee Unkrich
5%
1.1bilAndrew Adamson
4%
1.1bilRichard Donner
4%

Score Distribution

Percentile by Number Answered

Percent of People with Each Score

Your Score History

You have not taken this quiz